000 00479nam a2200205Ia 4500
008 210210b1907 xxu||||| |||| 00| 0 eng d
082 _a544/95
100 _aJONES (Harry C)
245 _aElements of physical chemistry Ed 3
250 _a
260 _aNew York
_bThe Macmillan Company
_c1907
300 _a650
650 _aphysical
650 _aElements
650 _aEd
650 _achemistry
650 _a3
690 _aInorganic Chemistry
906 _a009751
999 _c127122
_d127122